000 00510nam a2200181 a 4500
005 20140310183315.0
008 051004s19uu xx 00 eng d
020 _a0-534-63054-5
050 _aP 90
_b.B47 2005
100 _aBiagi, Shirley
245 _aMedia/Impact:
_ban introduction to mass media. /
_cShirley Biagi.
260 _aAustralia :
_bThomson/Wadsworth,
_c2005.
300 _a408 p. :
_bill. col. ;
_c28 cm.
521 _aMC
650 _aMass media.
942 _cBK
_2lcc
_kFOR
999 _c21256
_d21256